00277pab a2200121 454500008004000000100001600040245002900056260000900085300001300094362001100107650002200118773001500140180718b2010 xxu||||| |||| 00| 0 eng d aVijay Kumar aWomen's reservation bill c2010 ap.13-15. a24 Apr aWomen in politics aMainstream